Vista normal
Vista MARC
Entrada Personal Name
Número de registros utilizados en: 1
001 - CONTROL NUMBER
- control field: 18033
003 - CONTROL NUMBER IDENTIFIER
- control field: Mx-PuUPA
005 - DATE AND TIME OF LATEST TRANSACTION
- control field: 20260422092020.0
008 - FIXED-LENGTH DATA ELEMENTS
- fixed length control field: 260422|| aca||aabn | a|a d
040 ## - CATALOGING SOURCE
- Original cataloging agency: Mx-PuUPA
- Language of cataloging: spa
- Transcribing agency: Mx-PuUPA
- Modifying agency: Mx-PuUPA
- Description conventions: rda
100 1# - HEADING--PERSONAL NAME
- Personal name: Castro Castro, Ramón,
372 ## - FIELD OF ACTIVITY
- Field of activity: Derecho Internacional
374 ## - OCCUPATION
- Occupation: Autor
- Occupation: Presidente de la Conferencia del Episcopado Mexicano 2024-2027
- Occupation: Doctor en Teología Espiritual
- Occupation: Licenciado en Derecho Canónico y Filosofía
375 ## - GENDER
- Gender: hombre
377 ## - ASSOCIATED LANGUAGE
- Language code: spa
670 ## - SOURCE DATA FOUND
- Source citation: Venga a Nosotros Tu Reino: Ciclo de Catequesis por el Primer Centenario de La Encíclica Quas Primas de Pío XI y la Institución de la Festividad de Cristo Rey, 2025:
- Information found: t.p. (Mons. Ramón Castro Castro) portada